| 000 | 01055nam a22002657a 4500 | ||
|---|---|---|---|
| 999 |
_c18251 _d18251 |
||
| 003 | AR-CdUCM | ||
| 008 | 190305b ||||| |||| 00| 0 spa d | ||
| 040 |
_aMUNICIPALIDAD PROVINCIAL DEL CUSCO _cBIBLIOTECA MUNICIPAL DEL CUSCO |
||
| 082 |
_23ed. _a371.4 / _bK54 |
||
| 100 |
_aKilpatrick, W.H. _938728 |
||
| 245 | _aFilosofía de la educación / | ||
| 260 |
_aBuenos Aires : _bLosada, _c1946.. |
||
| 300 |
_a245 páginas ; _c20 cm. |
||
| 440 |
_aBiblioteca pedagógica. _n15 _938729 |
||
| 505 | _aContenido: La filosofía de la educación desde el punto de vista experimentalista -- La filosofía realista y la educación -- Una filosofía idealista de la educación -- En defensa de la filosofía de la educación. | ||
| 650 |
_aEducación-Filosofía _94680 |
||
| 650 |
_aValores sociales _99934 |
||
| 650 |
_aEducación idealista _938730 |
||
| 700 |
_aBreed, F.S. _938731 |
||
| 700 |
_aHorne, H.H. _938732 |
||
| 700 |
_aAdler, M.J. _938733 |
||
| 700 |
_aLuzuriaga, Lorenzo (Traducción) _930660 |
||
| 942 |
_2ddc _cLIBROS |
||
| 945 |
_awnts _d2019-05-13 |
||